000 00281nam a2200133Ia 4500
100 _aDadhe/ Jamdar
942 _cBK
654 _aApplied Mechanics
245 _aApplied Mechanics
260 _bSarita Prakashan
_aPoona
_c1982
300 _a564
546 _aENGLISH
999 _c19293
_d19293